000 01552cam a2200169 4500500
005 20260208010715.0
041 _afre
042 _adc
100 1 0 _aLorvellec, Yves
_eauthor
245 0 0 _aNicolas Grimaldi, Une démence ordinaire, Paris, Presses Universitaires de France, 2009, 267 p.
260 _c2011.
500 _a67
520 _aRésuméL’Agence pour l’évaluation de la recherche et de l’enseignement supérieur ( aeres) avait édité en 2008 deux listes différentes pour le classement des revues philosophiques (cf. Revue philosophique, 2009-1, p. 91-99). En novembre 2009 est parue une nouvelle liste « actualisée ». Des changements importants (moins de titres, abandon du classement interne) différencient la nouvelle liste des précédentes. On analyse la portée et les limites de ces changements.
520 _aIn 2008, the Agency for Assessment of Research and Higher Education in France (Agence pour l’évaluation de la recherche et de l’enseignement supérieur, aeres) published two separate lists to rank philosophical journals (see Revue philosophique 2009-1, p. 91-99). A new and updated list appeared in November 2009, with significant changes: fewer titles were included and internal ranking was abandoned. This paper discusses the scope and limitations of these changes.
786 0 _nRevue philosophique de la France et de l'étranger | 135 | 4 | 2011-02-14 | p. 509y-537y | 0035-3833
856 4 1 _uhttps://shs.cairn.info/revue-philosophique-2010-4-page-509y?lang=fr&redirect-ssocas=7080
999 _c1657817
_d1657817